| 000 | 00465nam a22001697a 4500 | ||
|---|---|---|---|
| 005 | 20251108170008.0 | ||
| 008 | 250721s1988 xx 000 0 ara d | ||
| 082 | 1 | 4 | _aط/ق/تول |
| 100 | 1 | _aتولستوى، ليون | |
| 245 | 1 | 0 | _aقصص للأطفال / |
| 264 | 1 |
_aموسكو : _bدار رادوغا، _c1988. |
|
| 300 | _a41ص | ||
| 650 | 1 | 7 | _aالأدب القصصي |
| 700 | 1 |
_aفرحان، غائب _eترجمة |
|
| 942 |
_2ddc _cBK |
||
| 999 |
_c36916 _d36916 |
||